Movies Quiz

Random Movies or Disney Quiz

Pirates of the Caribbean Film Series Quiz Stats

 Plays Quiz Updated Sep 19, 2017

Also try: Star Wars Episodes
Challenge
Share
Tweet
Embed
Score 0/5 Timer 02:00
2 Plays Today
Year Film % Correct
2003The Curse of the Black Pearl
94.9%
2006Dead Man's Chest
89%
2007At World's End
83.3%
2011On Stranger Tides
74.2%
2017Dead Men Tell No Tales
66.4%

You're not logged in!

Compare scores with friends on all Sporcle quizzes.
Join for Free
OR
Log In

You Might Also Like...

Show Comments

Extras

Top Quizzes Today


Score Distribution

Your Account Isn't Verified!

In order to create a playlist on Sporcle, you need to verify the email address you used during registration. Go to your Sporcle Settings to finish the process.

Report this User

Report this user for behavior that violates our Community Guidelines.

Details: